00541nam a2200181Ia 4500001001000000003000500010008004100015010001100056040000900067082001800076100002900094245007500123260007400198300001100272650002300283650003000306650002300336Para_6764CHAP220125s1981 xx 000 0 und d a205560 cCHAP aPA 634.967 R6 aRodríguez Lara, Raúl aPlagas forestales comunes en México /c por Raúl Rodríguez Lara aChapingo, Méx. :b UACh. Departamento de Parasitología Agrícola a133 h. aArboles x plagas  aBosques x Preservación aControl de Plagas